00889nam a2200241 a 450000100100000000500170001000800410002704000250006808200150009310000160010824000430012424501470016726000530031430000190036749000130038650000730039950400410047253400550051370000200056870000270058870000190061583000130063400002647220200930030237.0110203s1972 ag a r 000 | spa d aDO-SdBNPbspacBNPHU axxxbL673m1 aLewis, John10aNaked ape or homo sapiens?.lEspañol11a¿Mono desnudo u homo sapiens? /cJohn Lewis Gaddis, Bernard Towers ; traducción Manuel Vázquez ; prólogo Bernard Towers, Anthony Dyson. aBarcelona, (España) :bPlaza y Janés,c1972. a158. ;c19 cm.1 aRotativa aIncluye referencias bibliográficas y notas al pie de las páginas aIncluye bibliografía (p. 153-1569) aTítulo del original:tNaked ape or homo sapiens?1 aTowers, Bernard1 aVázquez, Manueletr.1 aDyson, Anthony 0aRotativa